01729nam a2200277 i 4500003000900000005001700009007000300026008004100029040003000070041000800100082001900108245012400127246011100251264005700362300006300419336002700482337003400509338002800543500007300571505028600644520036200930910000701292942001401299952012101313999001701434DO-SdBNP20250711115734.0ta250711b2006 sp abc|| |||| 00| 0 spa d aDO-SdBNPbspacBNPHUerda aspa 4axxxbC719q22210a500 Anni Dopo Colombo :bAtti dell'incontro storico culturale su Cristoforo Colombo /cFondazione Casa America, Genova. aQuinientos años después de Colón Cristóbal Actas de la reunión en la Casa América de Génova. aGénova :bFondazione Casa America, Genova, c2006. a136 páginas :bilustraciones, mapas, retratos ;c23 cm.  atextobtxt2rdacontent asin mediación bn2rdamedia avolumenbnc2rdacarrier aIncluye referencias bibliográficas y notas al pie de las páginas aRoberto Speciale --tAnna Castellano --tCristóbal Colón XX -- tCristoforo Colombo e le grandi famiglie genovesi del suo tempo /rGabriella Airaldi-- tÚltimos días y muerte de Cristóbal Colón / rAlfonso Assini --rSara Alonso Gómez -- rAndré Brea Cabrera -- aEste libro reúne los actos o las actas de un encuentro histórico-cultural dedicado a Cristoforo Colombo, organizado para conmemorar el quinto centenario de su llegada a América. A través de una serie de conferencias, exposiciones y mesas redondas, se exploran diversos aspectos de la figura de Colombo, su legado y su impacto en la historia mundial. aLP 2ddccLBS1 00102ddc51708PDaBNPHUbBNPHUcHDd2025-07-11eDonaciónl0oxxx C719qp2025-6438r2025-07-11w2025-07-11yLBS1 c59505d59505